Načítá se...
Uber Kunst Und Literatur
| Hlavní autor: | |
|---|---|
| Médium: | Printed Book |
| Vydáno: |
Berlin
Dietz Verlag
1967
|
| LEADER | 00409nam a22001217a 4500 | ||
|---|---|---|---|
| 082 | |a 801.93 |b MAR | ||
| 100 | |a Marx, Karl |a Friedrich Engels | ||
| 245 | |a Uber Kunst Und Literatur | ||
| 246 | |a About art and literature | ||
| 260 | |a Berlin |b Dietz Verlag |c 1967 | ||
| 942 | |c BK | ||
| 999 | |c 297535 |d 297535 | ||
| 952 | |0 0 |1 0 |4 0 |6 801_930000000000000_MAR |7 0 |9 317094 |a GER |b GER |d 2020-09-07 |l 0 |o 801.93 MAR |p GER8390 |r 2020-09-07 |w 2020-09-07 |y BK | ||